Nakkala tayi (Record no. 146349)
[ view plain ]
| 000 -LEADER | |
|---|---|
| fixed length control field | 00497nam a2200169Ia 4500 |
| 003 - CONTROL NUMBER IDENTIFIER | |
| control field | OSt |
| 005 - DATE AND TIME OF LATEST TRANSACTION | |
| control field | 20240401122314.0 |
| 008 - FIXED-LENGTH DATA ELEMENTS--GENERAL INFORMATION | |
| fixed length control field | 231010b ||||| |||| 00| 0 eng d |
| 040 ## - CATALOGING SOURCE | |
| Transcribing agency | AL |
| 041 ## - LANGUAGE CODE | |
| Language code of text/sound track or separate title | Kannada |
| 082 ## - DEWEY DECIMAL CLASSIFICATION NUMBER | |
| Edition number | 859/1484 |
| 100 ## - MAIN ENTRY--PERSONAL NAME | |
| Personal name | RAJARATNAM (G P) |
| 9 (RLIN) | 137156 |
| Dates associated with a name | ರಾಜರತ್ನಂ ಜಿ ಪಿ. |
| 245 ## - TITLE STATEMENT | |
| Title | Nakkala tayi |
| Remainder of title | ನಕ್ಕಳಾ ತಾಯಿ |
| 260 ## - PUBLICATION, DISTRIBUTION, ETC. | |
| Place of publication, distribution, etc. | Bengaluru |
| Name of publisher, distributor, etc. | Satyashodhana Prakatana Mandira |
| Date of publication, distribution, etc. | 1947 |
| 690 ## - LOCAL SUBJECT ADDED ENTRY--TOPICAL TERM (OCLC, RLIN) | |
| Topical term or geographic name as entry element | Kannada Fiction |
| 9 (RLIN) | 137157 |
| 942 ## - ADDED ENTRY ELEMENTS (KOHA) | |
| Source of classification or shelving scheme | Dewey Decimal Classification |
| Koha item type | Book |
| Withdrawn status | Lost status | Damaged status | Not for loan | Collection code | Home library | Current library | Shelving location | Date acquired | Cost, normal purchase price | Total Checkouts | Full call number | Barcode | Date last seen | Price effective from | Koha item type |
|---|---|---|---|---|---|---|---|---|---|---|---|---|---|---|---|
| St Aloysius Library | St Aloysius Library | 02/17/2021 | 0.00 | 859/1485 | 022216 | 02/17/2021 | 02/17/2021 | Book | |||||||
| St Aloysius Library | St Aloysius Library | 02/17/2021 | 0.00 | 859/1484 | 022215 | 02/17/2021 | 02/17/2021 | Book |